000 00365nam a2200121Ia 4500
008 210430s9999 xx 000 0 und d
020 _a978-969-8535-23-0
082 _a6996 M236S
100 _aDr. Nadeem Shafiq Malik
_91666
245 2 _aA Sociolinguistic Study of Wakhi Language of Northern Pakistan
_cDr. Nadeem Shafiq Malik
300 _a222
942 _cBK
_2ddc
999 _c565387
_d565387